[Event "AUTO-ADV-1630"]
[Site "http://www.queenalice.com/game.php?id=721599"]
[Date "2010.1.28"]
[Round "1"]
[White "felipebasso"]
[Black "luizpessoa"]
[Result "1-0"]
[WhiteElo "1939"]
[BlackElo "1737"]

1. e4 Nc6 2. d4 d5 3. e5 Bf5 4. Bb5 a6 5. Ba4 b5 6. Bb3 e6 7. Nf3 Be4 8. Nbd2
Bxf3 9. Nxf3 h6 10. O-O Be7 11. Bf4 Bg5 12. Qd2 Bxf4 13. Qxf4 g5 14. Qg3 a5 15.
c3 Nge7 16. Ne1 a4 17. Bc2 Kd7 18. Nd3 Ng6 19. Nc5+ Kc8 20. Bxg6 fxg6 21. Nxe6
Qe7 22. Qh3 Kb7 23. Nc5+ Ka7 24. Qd7 Qxd7 25. Nxd7 Na5 26. b3 c6 27. Nc5 a3 28.
Rfe1 Nb7 29. Nxb7 Kxb7 30. Re2 Rhe8 31. Rae1 Re6 32. h3 Rf8 33. Kh2 Kb6 34. Kg3
h5 35. Re3 Ka5 36. Rf3 Rxf3+ 37. Kxf3 b4 38. Re3 bxc3 39. Rxc3 Kb5 40. Ke2 Re7
41. Rf3 c5 42. Kd3 c4+ 43. bxc4+ dxc4+ 44. Kc3 g4 45. hxg4 hxg4 46. Rf6 g5 47.
Rg6 Rf7 48. Rf6 Re7 49. Rf5 Kc6 50. Kxc4 Kd7 51. d5 Ke8 52. d6 Rb7 53. e6 Rb2
54. d7+ Kd8 55. Rf8+ Ke7 56. d8=Q+ Kxe6 57. Qd5+ Ke7 58. Rf7+ Ke8 59. Qd7# 1-0

[Event "AUTO-ADV-1630"]
[Site "http://www.queenalice.com/game.php?id=721612"]
[Date "2010.1.28"]
[Round "1"]
[White "thw"]
[Black "felipebasso"]
[Result "1-0"]
[WhiteElo "2003"]
[BlackElo "1924"]

1. e4 e5 2. Nf3 d6 3. Bc4 Nf6 4. Ng5 Be6 5. Bxe6 fxe6 6. Nxe6 Qe7 7. Ng5 h6 8.
Nf3 Nxe4 9. O-O Nc6 10. d4 O-O-O 11. d5 Nb4 12. c4 1-0

[Event "AUTO-ADV-1630"]
[Site "http://www.queenalice.com/game.php?id=721613"]
[Date "2010.1.28"]
[Round "1"]
[White "felipebasso"]
[Black "thw"]
[Result "0-1"]
[WhiteElo "1957"]
[BlackElo "1905"]

1. e4 e6 2. d4 d5 3. e5 c5 4. Bb5+ Bd7 5. Bxd7+ Nxd7 6. Nf3 Qb6 7. O-O cxd4 8.
Qxd4 Qxd4 9. Nxd4 Nxe5 10. Nc3 a6 11. Bf4 Nc4 12. b3 Nb6 13. Na4 Nxa4 14. bxa4
Nf6 15. Rab1 b5 16. axb5 axb5 17. Rxb5 Nd7 18. Rb2 Be7 19. Nc6 Bf6 20. Rb7 e5
21. Be3 d4 22. Bd2 Nc5 23. Rc7 O-O 24. Bb4 Ne6 25. Ne7+ Bxe7 26. Rxe7 Rfc8 27.
Rc1 d3 28. c3 Rxa2 29. Rd7 Nf4 30. Kf1 e4 31. Re7 f5 32. Re5 Rc2 0-1

[Event "AUTO-ADV-1630"]
[Site "http://www.queenalice.com/game.php?id=721620"]
[Date "2010.1.28"]
[Round "1"]
[White "OnlyJoking"]
[Black "felipebasso"]
[Result "0-1"]
[WhiteElo "1571"]
[BlackElo "1936"]

1. e4 e5 2. Nf3 Nf6 3. Nc3 Bb4 4. Nxe5 Qe7 5. Nd3 Bxc3 6. dxc3 Qxe4+ 7. Qe2
Qxe2+ 8. Bxe2 O-O 9. Be3 d6 10. O-O-O Be6 11. Kb1 a5 12. a4 c6 13. h4 b5 14.
axb5 cxb5 15. Nf4 d5 16. Bxb5 a4 17. Bc5 Rc8 18. Ba3 Nc6 19. Bxc6 Rxc6 20. f3
Nd7 21. Rd2 Nb6 22. Ka2 Nc4 23. Re2 Nxa3 24. Kxa3 Ra5 25. Rhe1 g6 26. Nxe6 Rxe6
27. Rxe6 fxe6 28. Rxe6 Kf7 29. Rb6 Ra7 30. Rb4 Kf6 31. Rxa4 Re7 32. Rf4+ Ke5 33.
g3 Rb7 34. b4 Rc7 35. Kb3 h6 36. c4 dxc4+ 37. Rxc4 Rf7 0-1

[Event "AUTO-ADV-1630"]
[Site "http://www.queenalice.com/game.php?id=721621"]
[Date "2010.1.28"]
[Round "1"]
[White "felipebasso"]
[Black "OnlyJoking"]
[Result "1-0"]
[WhiteElo "1911"]
[BlackElo "1821"]

1. e4 e5 2. Nf3 Nc6 3. Bb5 Bb4 4. c3 Ba5 5. O-O Qe7 6. d4 h6 7. Bxc6 bxc6 8.
Nxe5 Bb7 9. Bf4 Nf6 10. Nd2 d5 11. Re1 O-O-O 12. Qa4 Bb6 13. Nxc6 Bxc6 14. Qxc6
Qe6 15. exd5 Qxd5 16. Qxd5 Nxd5 17. Be5 f6 18. Bg3 Rhe8 19. Nc4 Re7 20. a4 Rde8
21. Rxe7 Rxe7 22. a5 Bxa5 23. Nxa5 Nb6 24. Nc6 Re8 25. Nxa7+ Kb7 26. Nb5 Re6 27.
Nxc7 Re7 28. Nb5 Kc6 29. Na3 Kd5 30. f3 f5 31. Re1 1-0

[Event "QA-ANNIV-05"]
[Site "http://www.queenalice.com/game.php?id=723876"]
[Date "2010.2.1"]
[Round "3"]
[White "felipebasso"]
[Black "Brandon"]
[Result "0-1"]
[WhiteElo "1938"]
[BlackElo "2545"]

1. e4 c5 2. Nf3 Nc6 3. Bb5 g6 4. O-O Bg7 5. c3 Nf6 6. Re1 O-O 7. d4 d5 8. e5 Ne4
9. Nbd2 cxd4 10. cxd4 Qb6 11. Bxc6 Qxc6 12. Nxe4 dxe4 13. Ng5 Rd8 14. Bf4 Qd5
15. Be3 f6 16. exf6 exf6 17. Nh3 Bxh3 18. gxh3 f5 19. Qa4 Qf7 20. Red1 f4 21.
Bc1 Rd5 22. Qb3 Rad8 0-1

[Event "AUTO-ADV-1662"]
[Site "http://www.queenalice.com/game.php?id=734980"]
[Date "2010.2.20"]
[Round "1"]
[White "jartuga99"]
[Black "felipebasso"]
[Result "1-0"]
[WhiteElo "1965"]
[BlackElo "1932"]

1. e4 e5 2. Bc4 Nf6 3. d3 c6 4. a4 d5 5. exd5 cxd5 6. Ba2 Bc5 7. h3 O-O 8. Nf3
Nc6 9. c3 d4 10. Bg5 h6 11. Bh4 Re8 12. b4 Bb6 13. a5 Bc7 14. O-O Qd6 15. Bg3
Nh5 16. Nh4 Nxg3 17. fxg3 e4 18. Bxf7+ Kh7 19. Rf4 Rf8 20. dxe4 Rxf7 21. Rxf7
Qxg3 22. Qh5 Bxh3 23. Qg6+ Qxg6 24. Nxg6 Kxg6 25. Rxc7 Bg4 26. Rxb7 d3 27. b5
Ne5 28. Nd2 Rc8 29. b6 Nc4 30. Nxc4 1-0

[Event "AUTO-ADV-1662"]
[Site "http://www.queenalice.com/game.php?id=734981"]
[Date "2010.2.20"]
[Round "1"]
[White "felipebasso"]
[Black "jartuga99"]
[Result "1-0"]
[WhiteElo "1910"]
[BlackElo "1929"]

1. e4 c5 2. Nf3 Nc6 3. Bb5 d6 4. O-O Bd7 5. c3 Nf6 6. Re1 Ne5 7. Bxd7+ Nfxd7 8.
d4 cxd4 9. cxd4 Ng6 10. Nc3 e6 11. Bg5 f6 12. Be3 Be7 13. d5 e5 14. Rc1 O-O 15.
Nb5 Nc5 16. Bxc5 dxc5 17. d6 Bxd6 18. Qxd6 Qxd6 19. Nxd6 b6 20. Nf5 Rfd8 21. b4
Nf4 22. bxc5 Nd3 23. c6 Nxe1 24. c7 Nxf3+ 25. gxf3 Re8 26. c8=Q Raxc8 27. Rxc8
Rxc8 28. Ne7+ Kf7 29. Nxc8 Ke6 30. Nxa7 Kd6 31. Kf1 Kc5 32. Ke2 Kb4 33. Kd3 Ka3
34. Kc3 Kxa2 35. Nc8 b5 36. Nd6 b4+ 37. Kxb4 Kb2 38. Kc4 Kc2 39. Ne8 Kd2 40.
Nxg7 Ke2 41. Kd5 Kxf3 42. Ne8 Kf4 43. Nxf6 h6 44. Nd7 Kf3 45. Nxe5+ Kf4 46. Nf7
h5 47. e5 Kf5 48. e6 Kf6 49. Kd6 1-0

[Event "AUTO-ADV-1662"]
[Site "http://www.queenalice.com/game.php?id=735004"]
[Date "2010.2.20"]
[Round "1"]
[White "felipebasso"]
[Black "matadourodepeixes"]
[Result "0-1"]
[WhiteElo "1905"]
[BlackElo "2141"]

1. e4 c5 2. Nf3 d6 3. Bc4 a6 4. c3 e6 5. d4 b5 6. Bb3 c4 7. Bc2 Nf6 8. O-O Bb7
9. Bg5 Be7 10. Nbd2 Nbd7 11. Re1 O-O 12. e5 Nd5 13. Bxe7 Qxe7 14. Qe2 Nf4 15.
Qe3 dxe5 16. dxe5 Ng6 17. Ne4 Ngxe5 18. Nxe5 Nxe5 19. Ng5 Ng6 20. h4 h6 21. Nf3
Nxh4 22. Nxh4 Qxh4 23. Rad1 Qg5 24. Qxg5 hxg5 25. Re3 Rfd8 26. Rde1 Rd2 27. Be4
Bxe4 28. Rxe4 Rxb2 29. R1e2 Rxe2 30. Rxe2 Rd8 31. f3 Kf8 32. Kf2 Rd3 33. Rc2 f5
34. Kg3 e5 0-1

[Event "AUTO-ADV-1662"]
[Site "http://www.queenalice.com/game.php?id=735005"]
[Date "2010.2.20"]
[Round "1"]
[White "matadourodepeixes"]
[Black "felipebasso"]
[Result "1-0"]
[WhiteElo "2156"]
[BlackElo "1907"]

1. c4 e5 2. Nf3 d6 3. Nc3 Bg4 4. e3 Nc6 5. Be2 f5 6. d4 e4 7. Nd2 Bxe2 8. Nxe2
Qg5 9. Nf4 Nf6 10. h4 Qh6 11. Qb3 O-O-O 12. Qa4 Kb8 13. a3 Nd7 14. g3 Be7 15. b4
g5 16. Nd5 Rde8 17. Nxe7 Rxe7 18. Bb2 Rhe8 19. O-O-O Nb6 20. Qc2 g4 21. Qb3 Qe6
22. d5 Qd7 23. dxc6 Qxc6 24. Kb1 d5 25. c5 Nd7 26. Bd4 Ne5 27. b5 Qe6 28. Qa4
Nd3 29. Rhf1 b6 30. c6 Qc8 31. Qb3 Qe6 32. Ka2 Qd6 33. Nb1 Re6 34. Nc3 Nxf2 35.
Rxf2 Qxg3 36. Rdd2 Qxh4 37. Nxd5 g3 38. Rf4 Qh1 39. Qc2 h5 40. Nf6 h4 41. Bxb6
Rxf6 42. Bd4 Rg6 43. Qc5 1-0

[Event "AUTO-ADV-1678"]
[Site "http://www.queenalice.com/game.php?id=741755"]
[Date "2010.3.5"]
[Round "1"]
[White "vininetto"]
[Black "felipebasso"]
[Result "0-1"]
[WhiteElo "1981"]
[BlackElo "1905"]

1. e4 e5 2. Nf3 Nf6 3. Nxe5 Qe7 4. Nf3 Nxe4 5. Be2 Nc6 6. O-O d6 7. d3 Nf6 8.
Nc3 Bg4 9. Bg5 h6 10. Be3 O-O-O 11. a4 g5 12. Nd4 Ne5 13. a5 a6 14. b4 h5 15. b5
h4 16. bxa6 bxa6 17. Bxg4+ Nfxg4 18. Nd5 Qd7 19. Bxg5 Re8 20. Bf6 Rh6 21. Bg5
Rh5 22. Bf6 h3 23. Rb1 hxg2 24. Re1 Rxh2 25. c4 Rh1+ 26. Kxg2 Ne3+ 0-1

[Event "AUTO-ADV-1678"]
[Site "http://www.queenalice.com/game.php?id=741756"]
[Date "2010.3.5"]
[Round "1"]
[White "felipebasso"]
[Black "vininetto"]
[Result "0-1"]
[WhiteElo "1924"]
[BlackElo "1973"]

1. e4 e5 2. Nf3 Nc6 3. Bb5 a6 4. Ba4 Nf6 5. O-O b5 6. Bb3 d6 7. d3 Be7 8. Bg5
O-O 9. Nc3 Bg4 10. h3 Bh5 11. a3 Nd4 12. g4 Nxb3 13. cxb3 Bg6 14. Nh4 h6 15. Bd2
Bh7 16. Nf5 Bxf5 17. exf5 c6 18. b4 d5 19. Ne2 Rc8 20. Ng3 Bd6 21. Bc3 Qc7 22.
Qf3 Qb6 23. Rfe1 Rfe8 24. Re2 Re7 25. Rae1 Rce8 26. h4 Nh7 27. Nh5 f6 0-1

[Event "AUTO-ADV-1678"]
[Site "http://www.queenalice.com/game.php?id=741773"]
[Date "2010.3.5"]
[Round "1"]
[White "felipebasso"]
[Black "filomenos"]
[Result "0-1"]
[WhiteElo "1917"]
[BlackElo "1786"]

1. e4 e5 2. Nf3 d6 3. Bc4 h6 4. O-O Nf6 5. Re1 Be7 6. c3 O-O 7. d4 exd4 8. cxd4
a6 9. Nc3 Nc6 10. h3 Bd7 11. b3 b5 12. Bd3 Na5 13. Bf4 Nc6 14. Ne2 Nb4 15. Ng3
Nxd3 16. Qxd3 Rc8 17. Rad1 Bc6 18. e5 Nd5 19. Bd2 Kh8 20. Nf5 Bd7 21. Nh2 Nb4
22. Qf3 Bxf5 23. Qxf5 Nd5 24. Ng4 g6 25. Qf3 h5 26. Nh6 Nf6 27. exf6 Bxf6 28.
Bg5 Bxg5 29. Nxf7+ Rxf7 30. Qxf7 Qg8 0-1

[Event "AUTO-ADV-1678"]
[Site "http://www.queenalice.com/game.php?id=741774"]
[Date "2010.3.5"]
[Round "1"]
[White "filomenos"]
[Black "felipebasso"]
[Result "1-0"]
[WhiteElo "1807"]
[BlackElo "1896"]

1. d4 d5 2. g3 Nc6 3. Bg2 Bf5 4. c3 Nf6 5. Nf3 e6 6. O-O Bd6 7. Bg5 h6 8. Bxf6
Qxf6 9. Nbd2 O-O-O 10. Re1 g5 11. e4 dxe4 12. Nxe4 Qe7 13. Nxd6+ Qxd6 14. Qb3 f6
15. Re3 Rde8 16. Rae1 Nd8 17. Nd2 h5 18. Nc4 Qa6 19. Nd2 h4 20. Nc4 hxg3 21.
fxg3 Bg6 22. Qb4 Rh7 23. Rf3 f5 24. Ne5 Bf7 25. a3 Reh8 26. h3 g4 27. hxg4 fxg4
28. Rf4 Be8 29. Rxg4 Nc6 30. Qc5 1-0

[Event "AUTO-ADV-1574"]
[Site "http://www.queenalice.com/game.php?id=806339"]
[Date "2010.7.21"]
[Round "2"]
[White "felipebasso"]
[Black "Arthur0007"]
[Result "0-1"]
[WhiteElo "1901"]
[BlackElo "2070"]

1. e4 e5 2. Nf3 Nf6 3. Bc4 Nxe4 4. O-O d5 5. Bb3 Nc6 6. Re1 Bc5 7. d4 exd4 8.
Nbd2 Bf5 9. Ng5 O-O 10. Ndxe4 dxe4 0-1